<?xml version="1.0" encoding="UTF-8"?>
<record
    xmlns:xsi="http://www.w3.org/2001/XMLSchema-instance"
    xsi:schemaLocation="http://www.loc.gov/MARC21/slim http://www.loc.gov/standards/marcxml/schema/MARC21slim.xsd"
    xmlns="http://www.loc.gov/MARC21/slim">

  <leader>00962nam a2200241 a 4500</leader>
  <controlfield tag="008">951027s1990||||[C               0  ger c</controlfield>
  <datafield tag="020" ind1=" " ind2=" ">
    <subfield code="a">8008008660</subfield>
    <subfield code="c">14 K&#x10D;s. </subfield>
    <subfield code="q">(20000 v&#xFD;tl.)</subfield>
  </datafield>
  <datafield tag="040" ind1=" " ind2=" ">
    <subfield code="a">SNK</subfield>
    <subfield code="b">slo</subfield>
    <subfield code="c">SNK</subfield>
    <subfield code="e">AACR2</subfield>
  </datafield>
  <datafield tag="041" ind1="1" ind2=" ">
    <subfield code="a">slo</subfield>
    <subfield code="h">ger</subfield>
  </datafield>
  <datafield tag="080" ind1=" " ind2=" ">
    <subfield code="a">372.880.30(075.2)</subfield>
  </datafield>
  <datafield tag="100" ind1="1" ind2=" ">
    <subfield code="a">Pavl&#xED;kov&#xE1;, &#x160;arlota</subfield>
    <subfield code="4">aut</subfield>
  </datafield>
  <datafield tag="245" ind1="1" ind2="0">
    <subfield code="a">Nem&#x10D;ina 4 pre 6. ro&#x10D;n&#xED;k tried s roz&#x161;&#xED;ren&#xFD;m vyu&#x10D;ovan&#xED;m jazykov na z&#xE1;kladnej &#x161;kole</subfield>
    <subfield code="c">&#x160;arlota Pavl&#xED;kov&#xE1;, O&#x13E;ga Slivkov&#xE1; ; Tatiana &#x17D;it&#x148;anov&#xE1;, Dagmar Petr&#xE1;&#x161;kov&#xE1;, Miroslava Smi&#x17E;ansk&#xE1;</subfield>
  </datafield>
  <datafield tag="250" ind1=" " ind2=" ">
    <subfield code="a">2., vyd.</subfield>
  </datafield>
  <datafield tag="260" ind1=" " ind2=" ">
    <subfield code="a">Bratislava</subfield>
    <subfield code="b">SPN</subfield>
    <subfield code="c">1990</subfield>
    <subfield code="e">Pre&#x161;ov</subfield>
    <subfield code="f">Duklianske tla&#x10D;iarne</subfield>
  </datafield>
  <datafield tag="300" ind1=" " ind2=" ">
    <subfield code="a">264 s., 13,54 AH</subfield>
    <subfield code="b">Ilustr. Noty.</subfield>
    <subfield code="c">21 cm</subfield>
  </datafield>
  <datafield tag="500" ind1=" " ind2=" ">
    <subfield code="a">Ilustr. na front. Nem.-slov. a slov.-nem. slovn&#xED;k. Schv&#xE1;lilo M&#x160; SSR.</subfield>
  </datafield>
  <datafield tag="700" ind1="1" ind2=" ">
    <subfield code="a">Slivkov&#xE1;, O&#x13E;ga</subfield>
    <subfield code="4">aut</subfield>
  </datafield>
  <datafield tag="700" ind1="1" ind2=" ">
    <subfield code="a">&#x17D;it&#x148;anov&#xE1;, Tatiana</subfield>
    <subfield code="4">bkd</subfield>
  </datafield>
  <datafield tag="700" ind1="1" ind2=" ">
    <subfield code="a">Petr&#xE1;&#x161;kov&#xE1;, Dagmar</subfield>
    <subfield code="4">bkd</subfield>
  </datafield>
  <datafield tag="700" ind1="1" ind2=" ">
    <subfield code="a">Smi&#x17E;ansk&#xE1;, Miroslava</subfield>
    <subfield code="4">bkd</subfield>
  </datafield>
  <datafield tag="044" ind1=" " ind2=" ">
    <subfield code="a">xo</subfield>
    <subfield code="c">SK</subfield>
  </datafield>
  <datafield tag="958" ind1=" " ind2=" ">
    <subfield code="a">A</subfield>
  </datafield>
  <datafield tag="999" ind1=" " ind2=" ">
    <subfield code="c">19170</subfield>
    <subfield code="d">19170</subfield>
  </datafield>
  <datafield tag="952" ind1=" " ind2=" ">
    <subfield code="0">0</subfield>
    <subfield code="1">0</subfield>
    <subfield code="4">0</subfield>
    <subfield code="7">0</subfield>
    <subfield code="8">K</subfield>
    <subfield code="a">10000</subfield>
    <subfield code="b">10000</subfield>
    <subfield code="d">2019-11-29</subfield>
    <subfield code="g">14.00</subfield>
    <subfield code="i">17723</subfield>
    <subfield code="o">I 1380</subfield>
    <subfield code="r">2019-11-29</subfield>
    <subfield code="w">2019-11-29</subfield>
    <subfield code="y">OLDO</subfield>
  </datafield>
</record>
